00540nam a22001937a 450000500170000001000130001702000220003003500130005203700160006504000120008108200160009310000230010924500530013226000360018527000660022130000290028765000120031665000180032820170124110053.0 aA-644642 c00.00a8171545866 aA-644642 bCen Lib/Ret aDPLbEN a616.12bCHA aChavan, Jaiprakash aCricket with your heart / cby Jaiprakash Chavan aBombaybPopular Prakashanc1993 a35-C, Pandit Madan Mohan Malviya Marg, TaredobBombaye400034 aix,97p.:c21cm(Hb)bill. aCricket aHeart attacks